[Event "Goldmoney Asian Rapid Prelims 2021"]
[Site "Chess24"]
[Date "2021.06.24"]
[Round "2.2"]
[White "Salem, A.R. Saleh"]
[Black "So, Wesley"]
[Result "0-1"]
[WhiteElo "2682"]
[BlackElo "2770"]
[Annotator "TA"]
[PlyCount "78"]
[EventDate "2021.06.26"]
[EventType "tourn"]
[EventCountry "NET"]
[Tiebreak "Koya+Number of black wins+Number of wins"]
[SourceTitle "playchess.com"]
[Source "ChessBase"]
[SourceQuality "1"]

{[%evp 18,78,20,7,9,10,12,16,12,14,17,0,12,-35,-16,-52,-45,-68,-75,-83,-18,-62,
-67,-94,-96,-221,-214,-202,-207,-205,-212,-264,-246,-285,0,0,-18,-45,0,-1,-5,
-8,-8,-96,0,-691,-639,-616,-600,-859,-882,-1805,-1861,-1750,-1916,-1893,-1844,
-1699,-1810,-1761,-1803,-1662,-1623]} 1. d4 Nf6 2. c4 e6 3. Nc3 Bb4 4. a3 Bxc3+
5. bxc3 c5 6. f3 d5 7. cxd5 Nxd5 8. dxc5 Qa5 9. e4 Nf6 10. Be3 O-O {E25:
Nimzo-Indian: Sämisch: 5...c5 6 f3 d5 7 cxd5.} 11. Kf2 Nfd7 12. a4 Nxc5 {
The position is equal.} 13. Qd6 Nxa4 14. Ne2 Bd7 {[#]} 15. h4 $146 (15. Nd4 {
looks sharper.} Rc8 16. c4 e5 17. Nb5 a6 18. Na7) ({Predecessor:} 15. Nd4 e5
16. Nf5 Bxf5 17. exf5 Nc6 18. Qa3 b5 19. Bxb5 Qxb5 20. Rhb1 Qd3 21. Qxa4 Rac8
22. Qe4 Qxc3 23. Ra2 Ne7 24. Rb7 {1/2-1/2 (24) Dolya,A (2379)-Kragten,J (2278)
ICCF email 2014}) 15... Rc8 16. h5 Qc7 17. Qd2 {With the idea h6.} h6 18. g4 f6
(18... Nc5 $1 $17 {[%cal Rc5b3] Threatens to win with ...Nb3.} 19. Rb1 Rd8) 19.
Rd1 b5 20. Bg2 Nb6 21. Bf4 (21. Bxh6 $17 {keeps fighting.} gxh6 22. Qxh6 Qc5+
23. Nd4) 21... e5 $19 22. Bxh6 gxh6 23. Qxh6 {Qg6+ is the strong threat.} Qc5+
24. Nd4 {intending Qg6+.} Qf8 $1 {[%cal Rf8h6]} (24... exd4 25. Qg6+ Kf8 26.
Qxf6+ Ke8 27. h6 $15) 25. Qg6+ Qg7 $2 (25... Kh8 $1 $19 26. Ne2 Nc4) 26. Nf5
$11 Bxf5 27. exf5 Nc6 28. f4 exf4 {Strongly threatening ...Rab8.} 29. Rhe1 Ne5
30. Rxe5 fxe5 (30... Qxg6 $17 31. hxg6 fxe5 32. Bxa8 Rxa8) 31. f6 $2 {[%mdl
8192]} (31. Qe6+ $11 Kh7 32. f6) 31... Qxg6 $19 {Black is clearly winning.} 32.
hxg6 Rd8 $1 {[%cal Rd8d1]} 33. Rh1 Rd2+ 34. Ke1 Rxg2 35. Rh7 Rxg4 36. Rg7+ Kf8
37. Rf7+ {[#]} Ke8 $1 38. Re7+ {[#]} Kd8 $1 39. g7 Nd7 {Weighted Error Value:
White=0.69/Black=0.23} 0-1

[Event "Goldmoney Asian Rapid Prelims 2021"]
[Site "Chess24"]
[Date "2021.06.24"]
[Round "2.3"]
[White "Carlsen, Magnus"]
[Black "Hou, Yifan"]
[Result "1-0"]
[WhiteElo "2847"]
[BlackElo "2658"]
[Annotator "TA"]
[PlyCount "73"]
[EventDate "2021.06.26"]
[EventType "tourn"]
[EventCountry "NET"]
[Tiebreak "Koya+Number of black wins+Number of wins"]
[SourceTitle "playchess.com"]
[Source "ChessBase"]
[SourceQuality "1"]

{[%evp 19,73,8,24,34,25,29,65,63,63,58,73,72,66,39,38,39,29,9,33,31,29,30,44,
46,82,78,68,71,72,70,81,93,117,107,104,105,113,107,109,109,172,172,167,155,392,
312,312,312,420,420,420,420,420,420,411,384]} 1. d4 Nf6 2. c4 e6 3. Nf3 d5 4.
Nc3 c5 5. e3 dxc4 6. Bxc4 a6 7. O-O b5 8. Be2 Bb7 9. dxc5 Qxd1 10. Rxd1 Bxc5
11. Nd2 {D27: Queen's Gambit Accepted: Classical main line: 7 e4!? and 7 a4.}
Nbd7 12. Nb3 Bb6 13. a4 $1 {White is slightly better.} b4 {[#]} 14. a5 $1 Bd8 (
14... Bc7 15. Na2) 15. Na4 Bd5 {[#]} 16. Nbc5 $146 ({Predecessor:} 16. Nac5 Be7
17. Nxa6 Kd8 18. Rxd5 Nxd5 19. e4 Nc7 20. Nxc7 Kxc7 21. Bf4+ e5 22. Be3 {
1-0 (35) Bai,J (2585)-Wang,Y (2425) China 2017}) 16... Bxa5 17. Bd2 O-O 18.
Rdc1 Rfc8 19. Bxa6 Rc7 20. Bb5 {And now Nxd7 would win.} Nxc5 21. Nxc5 h6 22.
Na6 Rxc1+ 23. Rxc1 Bb7 24. Nc5 ({Don't go for} 24. Nxb4 $2 Nd5 $19) 24... Bd5
25. f3 b3 26. Bxa5 Rxa5 27. Ba4 Kf8 28. e4 Ba8 29. Bxb3 Ke7 {[#]} (29... Rb5
$16) 30. Ba4 $1 $18 Ra7 31. b4 {[%cal Bb2b4,Bb4b5,Bb5b6,Bb6b7][%mdl 32]} Ne8 $2
{This move loses the game for Black.} (31... Bb7 $16 32. Bb5 Bc8) 32. Bxe8 Kxe8
33. b5 Rc7 {[#]} 34. b6 $1 {[%cal Rb6c7] White is winning.} Rc8 {[#]} 35. Ra1
$1 Bc6 (35... Rb8 36. b7) 36. b7 Rb8 37. Ra6 {Weighted Error Value: White=0.05/
Black=0.24} 1-0

[Event "Goldmoney Asian Rapid Prelims 2021"]
[Site "Chess24"]
[Date "2021.06.24"]
[Round "2.4"]
[White "Giri, Anish"]
[Black "Firouzja, Alireza"]
[Result "1-0"]
[WhiteElo "2780"]
[BlackElo "2759"]
[Annotator "TA"]
[PlyCount "59"]
[EventDate "2021.06.26"]
[EventType "tourn"]
[EventCountry "NET"]
[Tiebreak "Koya+Number of black wins+Number of wins"]
[SourceTitle "playchess.com"]
[Source "ChessBase"]
[SourceQuality "1"]

{[%evp 10,59,24,10,37,21,18,13,23,18,47,35,43,0,7,0,27,32,51,44,80,0,0,0,0,0,0,
0,54,-78,-67,-60,-31,-23,0,0,31,39,89,75,36,28,195,0,92,0,137,136,445,449,439,
426]} 1. e4 c5 2. Nf3 Nc6 3. Bb5 e6 4. O-O Nge7 5. Re1 a6 6. Bf1 b6 {[#] B30:
Sicilian: 2...Nc6 3 Bb5, lines without ...g6.} 7. Nc3 $146 ({Predecessor:} 7.
d4 cxd4 8. Nxd4 Nxd4 9. Qxd4 Nc6 10. Qd2 Qc7 11. c4 Bd6 12. h3 Bb7 13. Nc3 Rd8
14. Qd1 {1-0 (42) Naiditsch,A (2626)-Anton Guijarro,D (2703) Biel 2020}) 7...
Bb7 8. d4 cxd4 {The position is equal.} 9. Nxd4 Ng6 {[#]} 10. Nf5 $1 d6 11. Nd5
Nce5 {[#]} (11... exf5 $6 12. exf5+ Nge5 13. Be3 $16) 12. f4 $1 exd5 (12...
Bxd5 13. exd5) 13. exd5 Qd7 14. Qd3 Bc8 {[#]} 15. g4 (15. Qc3 $1 $16) 15... h5
$11 16. fxe5 dxe5 17. Bh3 Bc5+ 18. Kh1 Kf8 ({Better is} 18... hxg4 $11 19. Bxg4
Kf8) 19. c4 (19. g5 $1 $14 {stays ahead.}) 19... hxg4 $17 20. Bxg4 Qc7 21. Qe4
Bxf5 22. Bxf5 Rh4 23. Qg2 Nf4 24. Bxf4 Rxf4 {[#]} 25. d6 $1 Qd8 {[#]} (25...
Qb8 $1 $11 {and Black stays safe.} 26. Rxe5 Bxd6) 26. Rad1 $1 $40 {[%mdl 128]
White has some attack.} Bd4 {[#]} ({Avoid the trap} 26... Rxf5 $2 27. Qh3 $18)
({Wrong is} 26... Rxc4 $2 27. Rxe5 Bxd6 28. Red5 $18) (26... Rb8 $11 {keeps
the balance.}) (26... Rb8 27. Re4) 27. d7 Rb8 {[#]} ({But not} 27... Rxf5 $2
28. Rxd4 g6 29. Rd6 $18) (27... g6 $1 $11 {remains equal.} 28. Be4 Rb8) 28. Rf1
$1 $16 {[%cal Rf1f4] Strongly threatening Rxf4.} Qf6 $2 {[%mdl 8192]} (28... g5
$16) 29. Rxf4 $18 exf4 30. Qd5 {Weighted Error Value: White=0.25/Black=0.51}
1-0

[Event "Goldmoney Asian Rapid Prelims 2021"]
[Site "Chess24"]
[Date "2021.06.24"]
[Round "2.5"]
[White "Duda, Jan-Krzysztof"]
[Black "Vidit, Santosh Gujrathi"]
[Result "1/2-1/2"]
[WhiteElo "2729"]
[BlackElo "2726"]
[Annotator "TA"]
[PlyCount "147"]
[EventDate "2021.06.26"]
[EventType "tourn"]
[EventCountry "NET"]
[Tiebreak "Koya+Number of black wins+Number of wins"]
[SourceTitle "playchess.com"]
[Source "ChessBase"]
[SourceQuality "1"]

{[%evp 19,147,-19,0,0,0,0,0,0,0,0,0,0,0,0,0,0,23,26,51,37,20,0,-7,-8,-8,-7,-8,
-8,-8,-8,-8,-8,0,0,0,0,0,0,0,0,0,0,0,-35,0,-67,-68,-68,-70,-86,-29,-37,-29,-29,
-29,-29,-29,-29,-29,-29,-29,-29,-29,-29,-29,-37,-37,-37,-37,-37,-29,-29,-29,
-29,-29,-29,-29,-29,-29,-51,0,0,0,0,0,0,0,0,0,0,0,0,0,0,0,-28,-33,-35,-35,-35,
-12,-12,0,0,0,0,0,0,0,0,0,0,0,0,0,0,0,0,0,0,0,0,0,0,0,0,0,0,0,0]} 1. Nf3 Nf6 2.
c4 c5 3. Nc3 Nc6 4. g3 d5 5. cxd5 Nxd5 6. Bg2 Nc7 7. O-O e5 8. b3 Be7 9. Bb2
O-O 10. Rc1 f6 11. e3 {A34: Symmetrical English: 2 Nc3, lines with ...d5.} Bg4
12. h3 Bh5 {[#]} 13. d4 $146 ({Predecessor:} 13. g4 Bf7 14. Qe2 Qd7 15. Rfd1
Rac8 16. Ne4 b6 17. d4 exd4 18. exd4 cxd4 19. Rxc6 Qxc6 20. Nxd4 {1/2-1/2 (32)
Hickl,J (2608)-Sokolov,A (2593) Switzerland 2006}) 13... cxd4 14. exd4 Nxd4 15.
g4 Bf7 16. Nxd4 exd4 ({And not} 16... Qxd4 {[#]} 17. Nd5 $1 $16 {[%mdl 512]})
17. Ne2 d3 18. Nd4 Ne6 19. Nxe6 Bxe6 20. Bxb7 Rb8 21. Be4 d2 22. Rc2 Bb4 {
aiming for ...f5.} 23. a3 Bxb3 24. axb4 Rxb4 25. Bf3 Qd3 {[%mdl 64] [#] Pin} ({
Much worse is} 25... Bxc2 $6 26. Qxc2 Rf4 27. Qb3+ Kh8 28. Qe3 $16) 26. Qxd2
Qxf3 27. Rc3 (27. Qxb4 {leads to mate.} Bd5 28. Qxf8+ Kxf8 29. Ba3+ Kf7 30.
Rc7+ Kg6 31. Rxg7+ Kxg7 32. Bf8+ Kxf8 33. h4 Qh1#) 27... Qd5 $36 {[%cal Rd5d2]
[%mdl 2048] White is under pressure.} 28. Rd3 {[%mdl 64] Discovered Attack} Qb5
{Hoping for ...Bc4.} 29. Ba3 {[%mdl 64] Skewer} Bc4 30. Rd7 Bxf1 31. Bxb4 Bxh3
{( -> ...Qf1+)} (31... Re8 {with more complications.} 32. Rd5 Qa6 33. Rd8 Bb5
34. Qd5+ Kh8) 32. f3 ({White should play} 32. Rd3 $11 Bxg4 33. Bxf8 Kxf8 34.
Rc3) 32... Re8 $15 {Strongly threatening ...Qf1+.} 33. Qd5+ Qxd5 34. Rxd5 {
[%mdl 4096] Endgame KRB-KRB} g6 (34... Rb8 $17 35. Rd4 h6) 35. Kf2 f5 36. g5 f4
37. Ra5 Rb8 38. Bd6 Rb2+ 39. Ke1 Rb1+ 40. Kd2 Rb7 41. Bxf4 Bf1 42. Rc5 Kf7 43.
Be5 Ke6 44. f4 a6 45. Ke3 Bb5 46. Bc7 Kd7 47. Ba5 Bc6 48. Kd4 Kd6 49. f5 Re7 (
49... Rb1 $15 50. fxg6 hxg6) 50. Bb4 $11 {Re5+ would kill now.} Re4+ 51. Kc3
Re3+ 52. Kd2 Re4 53. Kc3 Re3+ 54. Kb2 {Rc3+ is the strong threat.} Re4 55. Ka3
gxf5 56. Rxf5+ Kc7 57. Ba5+ Kd7 58. Bb4 Re3+ 59. Kb2 Rg3 60. Rf7+ {The
position is equal.} Ke6 61. Rf6+ Kd5 62. Rd6+ Kc4 63. Rxc6+ Kxb4 64. Rxa6 Rxg5
{KR-KR} 65. Rh6 $1 Rg2+ 66. Kc1 Rg7 (66... Kc5 {feels hotter.} 67. Rxh7 Ra2 68.
Rh5+ Kb4 69. Rh4+ Kc3) 67. Kd2 Kc4 68. Ke3 Kd5 69. Kf4 Rf7+ (69... Kc5 {
looks sharper.} 70. Rh5+ Kd4 71. Rh4 Kc4 72. Rh6 Kd5) 70. Kg5 Ke5 71. Ra6 Rg7+
72. Kh6 Rg6+ 73. Rxg6 hxg6 74. Kxg6 {Weighted Error Value: White=0.05/Black=0.
06} 1/2-1/2

[Event "Goldmoney Asian Rapid Prelims 2021"]
[Site "Chess24"]
[Date "2021.06.24"]
[Round "2.6"]
[White "Dubov, Daniil"]
[Black "Erigaisi Arjun"]
[Result "0-1"]
[WhiteElo "2714"]
[BlackElo "2567"]
[Annotator "TA"]
[PlyCount "106"]
[EventDate "2021.06.26"]
[EventType "tourn"]
[EventCountry "NET"]
[Tiebreak "Koya+Number of black wins+Number of wins"]
[SourceTitle "playchess.com"]
[Source "ChessBase"]
[SourceQuality "1"]

{[%evp 12,106,21,-19,0,-8,8,24,9,25,17,13,8,26,10,6,51,0,23,0,0,0,22,0,14,-42,
0,0,0,0,0,0,0,0,0,0,0,0,53,0,-3,-7,-2,-93,-101,-145,-147,-684,-677,-671,-670,
-639,-597,-556,-547,-541,-538,-522,0,-2,0,-487,-402,-29972,-29973,-29971,
-29969,-29962,-29970,-29970,-29970,-29973,-29976,-29976,-29976,-29977,-29978,
-29978,-29979,-29979,-29980,-29980,-29981,-29981,-29981,-29981,-29982,-29982,
-29983,-29983,-29984,-29984,-29985,-29985,-29986,-29986,-29987]} 1. c4 c5 2. g3
Nc6 3. Bg2 g6 4. Nc3 Bg7 5. Nf3 e6 6. O-O Nge7 7. a3 d5 {is the legacy move (7.
..0-0). A37: Symmetrical English vs ...g6: 4 Bg2 Bg7 5 Nf3.} 8. b4 cxb4 9. axb4
Nxb4 {White has an edge.} 10. Ba3 Nbc6 {[%cal Bb4c6,Bc6a5,Ba5c4][%mdl 32] [#]}
11. d4 $146 ({Predecessor:} 11. cxd5 exd5 12. Qb3 O-O 13. e3 b6 14. d4 Be6 15.
Rac1 Na5 16. Qa2 Nc4 17. Ng5 Nxa3 18. Nxe6 fxe6 19. Qxa3 {1-0 (71) Costa
Trillo,V (1718)-Markoja,J (1827) ICCF email 2011}) 11... O-O 12. cxd5 exd5 13.
e3 a6 14. Rc1 ({White should play} 14. Qb3 $14) 14... Re8 15. Qb3 Na5 16. Qa2
Nc4 17. Bxe7 Rxe7 {[#]} 18. Ng5 (18. Nxd5 $1 $11 Qxd5 19. Rxc4) 18... Be6 (
18... Rd7 $5 {[%cal Rd8g5]} 19. Nge4 dxe4 20. Qxc4 b5 $11) 19. e4 Nb6 (19...
Bxd4 $2 20. exd5 Bh3 21. Nxh3 $18) 20. Nxe6 fxe6 21. exd5 exd5 22. Bxd5+ Kh8 $1
23. Bg2 Qxd4 24. Rfd1 Qg4 (24... Qb4 $11 25. Ne4 Rf8) 25. Ne4 Rxe4 $11 26. Bxe4
Qxe4 27. Qb3 (27. Rd6 $11 {remains equal.} Na4 28. Qd2) 27... Bd4 $17 {White
must now prevent ...Nd7.} 28. Qf7 {[#] Threatens to win with Rc7.} Nd5 29. Qxb7
$2 {[%mdl 8192]} (29. Re1 $17 Qf5 30. Qxf5 gxf5 31. Rcd1) 29... Rf8 $19 30. Rd2
{[#]} Rxf2 $1 {[%mdl 576] Decoy} 31. Rxf2 Bxf2+ 32. Kxf2 {[%mdl 4096] Endgame
KQR-KQN} Qe3+ 33. Kg2 {[#] White threatens Rc8+ and mate.} Qd2+ $1 ({Not} 33...
Qxc1 34. Qxd5 Qb2+ 35. Kg1 $15) 34. Kh3 {[%cal Rc1c8]} Qh6+ $2 (34... Qxc1 $19
35. Qb8+ Kg7 36. Qe5+ Kf8 37. Qxd5 Qf1+ 38. Kg4 h5+ 39. Kg5 Qb5 40. Qxb5 axb5)
35. Kg2 $11 {White wants to mate with Rc8+.} Qd2+ $2 {[%mdl 8192]} (35... Qxc1
$11 36. Qxd5 Qb2+ 37. Kg1 Qb6+ 38. Kg2 Qb2+ 39. Kg1 Qc1+ 40. Kg2 Qc2+ 41. Kg1
Qb1+ 42. Kg2 Qb2+) 36. Kh3 $1 $19 {[%cal Rc1c8] White is on the road to losing.
} Qxc1 37. Qxd5 {KQ-KQ} (37. Qxa6 $19 Qh6+ 38. Kg2 Qd2+ 39. Kg1) 37... Qf1+ {
Black mates.} 38. Kg4 Qf5+ 39. Qxf5 gxf5+ 40. Kxf5 {KPP-KPP} Kg7 41. g4 a5 {
[%cal Ba6a5,Ba5a4,Ba4a3][%mdl 32]} 42. Ke5 a4 43. Kd4 Kf6 44. h4 a3 45. Kc3 Ke5
46. h5 Kf4 47. Kb3 Kxg4 {KPP-KP} 48. h6 Kg5 49. Kxa3 Kxh6 50. Kb2 Kg5 51. Kc2
Kf4 52. Kd2 Kf3 53. Ke1 Kg2 {Weighted Error Value: White=0.32/Black=0.22} 0-1

[Event "Goldmoney Asian Rapid Prelims 2021"]
[Site "Chess24"]
[Date "2021.06.24"]
[Round "2.7"]
[White "Artemiev, Vladislav"]
[Black "Gukesh D"]
[Result "1-0"]
[WhiteElo "2704"]
[BlackElo "2578"]
[Annotator "TA"]
[PlyCount "71"]
[EventDate "2021.06.26"]
[EventType "tourn"]
[EventCountry "NET"]
[Tiebreak "Koya+Number of black wins+Number of wins"]
[SourceTitle "playchess.com"]
[Source "ChessBase"]
[SourceQuality "1"]

{[%evp 21,71,36,33,43,29,0,2,0,0,1,8,7,10,12,31,30,68,27,55,30,37,26,54,57,47,
53,52,10,4,13,6,6,43,39,52,41,130,127,158,161,224,217,288,297,406,393,29966,
29961,29990,29991,29992,29993]} 1. e4 e5 2. Nf3 Nc6 3. Nc3 Nf6 4. Bb5 Bb4 5.
O-O O-O 6. d3 Bxc3 7. bxc3 d6 8. Bg5 h6 9. Bh4 Qe7 10. Re1 Bg4 11. h3 Bh5 12.
g4 {C49: Four Knights: 4 Bb5 Bb4.} Bg6 13. Nd2 Nd8 {[%cal Bc6d8,Bd8e6,Be6f4]
[%mdl 32] [#]} 14. Qf3 $146 {The position is equal.} ({Predecessor:} 14. f4
exf4 15. d4 Ne6 16. Nf3 Bh7 17. e5 dxe5 18. Rxe5 Qa3 19. Qe1 Qb2 20. Bd3 Bxd3
21. cxd3 {0-1 (39) Dzhumaev,M (2552)-Filippov,A (2584) Tashkent 2009}) 14...
Ne6 15. Bxf6 gxf6 16. Nf1 c6 17. Bc4 b5 18. Bb3 Nf4 19. Ne3 Kg7 20. Kh2 Rh8 21.
Rg1 Kf8 22. Ng2 Nxg2 23. Rxg2 h5 24. Rag1 {[#] Black must now prevent gxh5.}
hxg4 25. Rxg4 Rh6 26. a4 a6 27. Ra1 {[%cal Bg1a1,Ba1a6,Ba6a7][%mdl 32]} bxa4
28. Bxa4 {And now Qe3 would win.} Kg7 (28... Rc8 $14) 29. Bxc6 $16 Rah8 30. Rg3
Qc7 (30... Qa7 $142 31. Qe3 Qxe3 32. fxe3 Kf8 33. Rxa6 f5 34. exf5 Bxf5) 31.
Rxa6 $18 Rh4 32. Bd5 Rf4 33. Qe3 {Ra7 is the strong threat.} Qxc3 $2 (33... Qc5
$18 34. d4 Qc7 35. Bxf7 Kxf7 36. dxe5 Rxe4) 34. Ra7 {White mates.} Kf8 {[#]}
35. Rxg6 $1 {[%mdl 512]} fxg6 (35... Qc8 36. Rxf7+) 36. Ra8+ {Weighted Error
Value: White=0.06/Black=0.48} 1-0

[Event "Goldmoney Asian Rapid Prelims 2021"]
[Site "Chess24"]
[Date "2021.06.24"]
[Round "2.8"]
[White "Adhiban, B.."]
[Black "Ding, Liren"]
[Result "0-1"]
[WhiteElo "2660"]
[BlackElo "2799"]
[Annotator "TA"]
[PlyCount "70"]
[EventDate "2021.06.26"]
[EventType "tourn"]
[EventCountry "NET"]
[Tiebreak "Koya+Number of black wins+Number of wins"]
[SourceTitle "playchess.com"]
[Source "ChessBase"]
[SourceQuality "1"]

{[%evp 9,70,0,0,0,0,0,0,0,0,0,0,0,0,0,0,10,10,-75,-83,-104,-76,-62,-56,-45,-52,
-61,-74,-80,-18,-33,-14,-140,0,0,4,4,2,0,4,10,9,-46,-31,-96,-100,-87,-87,-295,
-295,-289,-286,-279,-276,-498,-350,-325,-343,-660,-978,-908,-774,-985,-971]} 1.
Nf3 d5 2. c4 d4 3. b4 c5 4. e3 Nf6 5. b5 Nbd7 6. exd4 {A09: Réti Opening: 1
Nf3 d5 2 c4.} cxd4 7. Nxd4 Nc5 8. Bb2 {The position is equal.} e5 {[#]} 9. Nb3
$146 ({Predecessor:} 9. Nc2 Bg4 10. f3 Bf5 11. Ne3 Nd3+ 12. Bxd3 Bxd3 13. Qb3
Bc5 14. Nc3 Rc8 15. Ba3 {1/2-1/2 (30) Brodda,W (2587)-Bescos Anzano,M (2561)
GER email 2018}) 9... Bf5 10. Nxc5 Bxc5 11. Be2 $1 Qd6 12. O-O h5 13. d4 (13.
Qb3 $11) 13... exd4 $17 14. Bd3 {[#]} Ng4 $1 {[%csl Gg4][%cal Rd6h2]} 15. g3
Bxd3 16. Qxd3 Ne5 17. Qf5 g6 18. Qe4 O-O (18... O-O-O $17 19. Nd2 f5) 19. Nd2
$11 Rfe8 20. Rfe1 {[#]} (20. Qxb7 $11 {keeps the balance.} Qb6 21. Qg2) 20...
Rad8 ({Better is} 20... Qd7 $1 $17 {aiming for ...Nxc4!} 21. Qd5 Qxd5 22. cxd5
Nd3 23. Rxe8+ Rxe8) 21. f4 f5 $36 {[%mdl 2048] Black is more active.} 22. fxe5
fxe4 23. exd6 d3+ 24. Kg2 e3 {[#] And now ...Bb4 would win.} 25. Nb3 (25. Bc3
$1 $11) 25... Bb4 $1 $15 {[%cal Rb4e1]} 26. c5 (26. Rg1 $15) 26... Bxe1 $17 27.
Rxe1 d2 28. Rb1 {This costs White the game.} (28. Nxd2 $17 exd2 29. Rd1) 28...
e2 $19 29. Nxd2 {Threatens to win with Re1.} e1=Q 30. Rxe1 Rxe1 31. Nc4 $2 (31.
Bc3) 31... Re2+ 32. Kh3 {next Bf6 is good for White.} Rc2 33. Na5 (33. Bf6 Rxc4
34. Bxd8 Rxc5 35. Bc7) 33... Rxb2 {Black is clearly winning.} 34. Nxb7 Rb8 35.
c6 Rxb5 {Weighted Error Value: White=0.72/Black=0.17} 0-1

[Event "Goldmoney Asian Rapid Prelims 2021"]
[Site "Chess24"]
[Date "2021.06.24"]
[Round "3.1"]
[White "Ding, Liren"]
[Black "Aronian, Levon"]
[Result "1/2-1/2"]
[WhiteElo "2799"]
[BlackElo "2781"]
[Annotator "TA"]
[PlyCount "127"]
[EventDate "2021.06.26"]
[EventType "tourn"]
[EventCountry "NET"]
[Tiebreak "Koya+Number of black wins+Number of wins"]
[SourceTitle "playchess.com"]
[Source "ChessBase"]
[SourceQuality "1"]

{[%evp 15,127,6,13,11,27,4,4,3,3,4,4,10,0,0,0,0,0,4,6,-5,-4,-3,-6,-6,-7,-13,
-13,-11,-15,-16,-10,-10,-11,-16,-12,-16,-9,-10,-9,-9,-9,-12,-11,-12,-6,-8,-7,
-11,-5,-5,0,-8,-4,-18,-8,-8,-8,-8,-8,-8,-8,-8,-8,-8,-8,-8,-7,-8,0,-8,-7,-7,-7,
-7,-7,-7,-7,-7,0,0,0,0,0,0,0,0,0,0,0,0,0,0,0,0,0,0,0,0,0,0,0,0,0,0,0,0,0,0,0,0,
0,0,0,0]} 1. d4 Nf6 2. c4 e6 3. g3 d5 4. Bg2 dxc4 5. Nf3 c5 6. O-O Nc6 7. Qa4
Bd7 8. dxc5 Na5 9. Qa3 {E04: Open Catalan: 5 Nf3.} Rc8 10. b4 cxb3 $1 {The
position is equal.} 11. axb3 Rxc5 12. b4 Rb5 13. Nd4 {[#]} Rxb4 $146 ({
Predecessor:} 13... Bxb4 14. Qa2 Rb6 15. Nc2 Nc6 16. Nxb4 Nxb4 17. Qxa7 Nc6 18.
Bxc6 Bxc6 19. Be3 Rb2 {1/2-1/2 (78) Hausner,I (2445)-Sokolov,A (2550) Clichy
1991}) 14. Qxa5 Qxa5 ({But not} 14... Rxd4 15. Qxd8+ Kxd8 16. Rxa7 $14) 15.
Rxa5 Rxd4 16. Rxa7 {[#] And now Ra8+ would win.} Bc6 17. Be3 Rd7 18. Bxc6 bxc6
19. Ra6 Nd5 20. Rxc6 Nxe3 21. fxe3 Be7 22. Rc8+ Rd8 23. Rxd8+ Bxd8 $11 {
[%mdl 4096] Endgame KRB-KRN} 24. Rc1 Kd7 25. Nd2 Bg5 26. Kf2 Rb8 27. Nf3 Bf6
28. Rc4 h5 29. Ra4 Rb7 30. h3 g6 31. g4 hxg4 32. hxg4 Ke7 33. Rc4 Kf8 34. g5
Be7 35. e4 Rb5 36. e5 Ba3 37. Kg3 Ke8 38. Ra4 Bc5 39. Kf4 Rb3 40. Nd4 Rb1 41.
Nf3 Rb3 42. Nd4 Rb2 43. e3 Kd7 44. Rc4 Bb6 45. Ra4 Rf2+ 46. Ke4 Bxd4 (46... Bc7
{looks sharper.} 47. Ra8 Rh2 48. Ra7 Rb2 49. Kf4 Rb4) 47. exd4 {KR-KR} Rf5 (
47... Rf1 {keeps more tension.} 48. Ra7+ Kd8 49. Ra8+ Ke7 50. Ra7+ Kf8) 48. d5
exd5+ 49. Kxd5 Rxg5 50. Ra7+ Ke8 51. Kd6 $1 {[%cal Ra7a8] [#]} Kf8 52. e6 fxe6
53. Kxe6 Rf5 (53... Rg2 {is more complex.} 54. Rb7 Rf2 55. Rd7 Rf5 56. Rc7 Rf1)
54. Rb7 Kg8 55. Ra7 (55. Rc7 {seems wilder.} Rf1 56. Rd7 Rf4 57. Rb7 Rf1 58.
Rd7) 55... Rf8 56. Rb7 Kh8 57. Ra7 Rf4 58. Rb7 g5 59. Rb5 g4 60. Rg5 Kh7 {
aiming for ...Kh6.} 61. Ke5 Ra4 62. Kf5 Kh6 {( -> ...Ra5+)} 63. Rxg4 Rxg4 64.
Kxg4 {Not much happened in this game.  Weighted Error Value: White=0.02/
Black=0.01} 1/2-1/2

[Event "Goldmoney Asian Rapid Prelims 2021"]
[Site "Chess24"]
[Date "2021.06.24"]
[Round "3.2"]
[White "Gukesh D"]
[Black "Adhiban, B.."]
[Result "1/2-1/2"]
[WhiteElo "2578"]
[BlackElo "2660"]
[Annotator "TA"]
[PlyCount "62"]
[EventDate "2021.06.26"]
[EventType "tourn"]
[EventCountry "NET"]
[Tiebreak "Koya+Number of black wins+Number of wins"]
[SourceTitle "playchess.com"]
[Source "ChessBase"]
[SourceQuality "1"]

{[%evp 18,62,-4,-25,0,0,0,8,0,0,33,25,34,36,29,31,29,34,34,20,22,10,8,23,27,0,
0,0,0,0,33,39,84,0,0,0,0,0,0,0,0,0,0,0,0,0,0]} 1. d4 Nf6 2. c4 g6 3. Nc3 Bg7 4.
e4 d6 5. g3 c5 6. d5 O-O 7. Bg2 e6 8. Nge2 exd5 9. cxd5 Re8 {9...a6 is not
played anymore.} 10. O-O b5 {A60: Modern Benoni: Early Divergences.} 11. e5
Rxe5 {And now ...b4 would win.} 12. Bf4 Re8 {White must now prevent ...b4.} 13.
Nxb5 Ba6 14. Nec3 Nh5 15. Bxd6 {Qa4 is the strong threat.} Bxc3 {[%mdl 64] [#]
Pin} 16. Bc7 $1 Qd7 17. Nxc3 Bxf1 {[#]} 18. Qxf1 $146 ({Predecessor:} 18. Kxf1
Na6 19. d6 Nxc7 20. dxc7 Qxc7 21. Bxa8 Rxa8 22. Qf3 Re8 23. Rd1 Kg7 24. Kg2 {
1-0 (51) Sawatzki,J (2487)-Schartner,A (2342) ICCF corr 2001}) 18... Qxc7 19.
d6 $1 {[%cal Rd6c7]} Qxd6 20. Bxa8 Nc6 {[#]} 21. Nb5 $1 Qf6 22. Bxc6 Qxc6 23.
Nxa7 Qf6 24. Qb5 Rd8 25. a4 (25. Qe2 $16) 25... Qf3 $11 {The position is equal.
} 26. Re1 Nf4 27. gxf4 Qg4+ 28. Kf1 {Hoping for Re8+.} Qh3+ $1 {[%mdl 64]
Double Attack} 29. Kg1 {Strongly threatening Re8+.} Qg4+ {[%mdl 64] Double
Attack} 30. Kf1 {Threatens to win with Re8+.} Qh3+ $1 {[%mdl 64] Double Attack}
31. Kg1 {aiming for Re8+.} Qg4+ {[%mdl 64] Double Attack.  Weighted Error
Value: White=0.06/Black=0.08} 1/2-1/2